| 000 | 00547nam a2200145Ia 4500 | ||
|---|---|---|---|
| 008 | 231221s9999 xx 000 0 und d | ||
| 041 | _aEnglish | ||
| 082 | _aCPCS15-1025 | ||
| 100 | _aSarah Christina Shekeran. Sangeetha, J. | ||
| 245 | 0 | _aAnalysis of Age Groups and Motion Speed using Smart Phone Accelerometers | |
| 260 | _c2015 | ||
| 500 | _aAnalysis of Age Groups and Motion Speed using Smart Phone Accelerometers Sarah Christina Shekeran,J Sangeetha. | ||
| 650 | _aAge,Groups,Motion,Speed,using,Smart,Phone,Accelerometers | ||
| 942 | _cIR | ||
| 999 |
_c233549 _d233549 |
||